00527nam a22001577a 450000500170000001000130001702000260003003700210005610000260007724501200010326000380022327000450026130000250030670000200033170000180035120211101161735.0 aEN230921 a9789354420412c295.00 bOrient Blackswan aBose, Subhas Chandra  aChalo Delhi:bwritings and speeches 1943-1945 /cby Subhas Chandra Bose ; edited by Sisir K. Bose [and] Sugata Bose aHyderabadbOrient Blackswanc2021 a3-6-752, HimayatnagarbHyderabade500029 axx, 450p.c22cm(pbk) aBose, Sisir K.  aBose, Sugata